000 00811nam a2200253Ia 4500
003 OSt
005 20221005081232.0
006 a|||||r|||| 00| 0
007 ta
008 221004b |||||||| |||| 00| 0 eng d
020 _a9789382186694 (hbk)
_c1200
024 _a25489
037 _b366, 22/03/2016, Classic Book Service
_cTextual
040 _aCRL
_cCRL
_beng
041 _2eng
_aeng
082 _aO111944,3:g, Q6
100 _aDigole D.P.
_9610893
245 0 _aPostcolonial Indian novel
_b A comparative study in the socio-cultural dynamics
260 _aNew Delhi
_bPrestige Books India
_c2016
300 _a464p.
_ccm.
650 _aENGLISH LITERATURE
942 _hO111944,3:g, Q6
_cTEXL
_2cc
999 _c987381
_d987381